CLINICAL & SURGICAL ANATOMY (Record no. 3686)

MARC details
000 -LEADER
fixed length control field 00339nam a2200145Ia 4500
008 - FIXED-LENGTH DATA ELEMENTS--GENERAL INFORMATION
fixed length control field 150201s2007 xx 000 0 und d
082 ## - DEWEY DECIMAL CLASSIFICATION NUMBER
Classification number 611
Item number C2007S
100 ## - MAIN ENTRY--PERSONAL NAME
Personal name SINGH VISHRAM
245 ## - TITLE STATEMENT
Title CLINICAL & SURGICAL ANATOMY
250 ## - EDITION STATEMENT
Edition statement 2ND
260 ## - PUBLICATION, DISTRIBUTION, ETC. (IMPRINT)
Name of publisher, distributor, etc. ELSEVIER
Place of publication, distribution, etc. DELHI
Date of publication, distribution, etc. 2007
300 ## - PHYSICAL DESCRIPTION
Extent 1-508
650 ## - SUBJECT ADDED ENTRY--TOPICAL TERM
Topical term or geographic name as entry element ANATOMY
942 ## - ADDED ENTRY ELEMENTS (KOHA)
Source of classification or shelving scheme Dewey Decimal Classification
Koha item type Books
Koha issues (borrowed), all copies 1
Holdings
Withdrawn status Lost status Source of classification or shelving scheme Damaged status Not for loan Home library Current library Date acquired Source of acquisition Cost, normal purchase price Serial Enumeration / chronology SGTU Bill Number Full call number Barcode Date last seen Bill Date Koha item type Total Checkouts Date last checked out
Withdrawn   Dewey Decimal Classification     SGT Dental Library SGT Dental Library 31/10/2007 U.B.S.DELHI 375.00 1 SGTU 709 611 C2007S FD4471 09/02/2015 27/08/2012 Books    
    Dewey Decimal Classification     SGT Dental Library SGT Dental Library 31/10/2007 U.B.S.DELHI 375.00 1 SGTU 709 611 C2007S FD4472 04/11/2015 27/08/2012 Books    
Withdrawn   Dewey Decimal Classification     SGT Dental Library SGT Dental Library 31/10/2007 U.B.S.DELHI 375.00 1 SGTU 709 611 C2007S FD4473 28/05/2016 27/08/2012 Books 2 26/05/2016
    Dewey Decimal Classification     SGT Dental Library SGT Dental Library 31/10/2007 U.B.S.DELHI 375.00 1 SGTU 709 611 C2007S FD4474 17/02/2017 27/08/2012 Books 4 03/02/2017
    Dewey Decimal Classification     SGT Dental Library SGT Dental Library 31/10/2007 U.B.S.DELHI 375.00 1 SGTU 709 611 C2007S FD4475 26/03/2018 27/08/2012 Books 2 26/03/2018